| 000 | 01587nam0a2200373 4500 | ||
|---|---|---|---|
| 001 | RU\NLR\bibl\122252 | ||
| 005 | 20260406142027.0 | ||
| 010 |
_a5-89563-001-4 _92000 |
||
| 021 |
_aRU _b2000-30084 _91414 |
||
| 035 | _a(NLR Aleph) 000119727 | ||
| 090 |
_a681514 _c681514 |
||
| 100 | _a20001012d2000 |||y0rusy50 ca | ||
| 101 | 0 | _arus | |
| 102 | _aRU | ||
| 105 | _ay ||||||||| | ||
| 200 | 1 |
_aЖилищное законодательство России _eСб. нормат. док. с коммент. _fАгентство "Бизнес-информ" |
|
| 210 |
_aМ. _cБизнес-информ _d2000 |
||
| 215 |
_a317 с. _d21 |
||
| 606 | 0 |
_aЖилищное право _jЗаконы, постановления и т.п. _yРоссийская Федерация _92071524 _3RU\NLR\auth\661246295 |
|
| 606 | 0 |
_aЖилищное право _jЗаконодательные материалы _yРоссийская Федерация _92071524 _3RU\NLR\auth\661246295 |
|
| 610 | 0 | _aЖилищное законодательство Российской Федерации | |
| 610 | 0 | _aРоссийская Федерация, право | |
| 675 |
_a347.254(470) _v3 _zrus |
||
| 686 |
_a10.27 _2rugasnti |
||
| 686 |
_a67.404.2 _2rubbk |
||
| 686 | _aХ623.211.33-39(2Р)21 | ||
| 712 | 0 | 2 |
_4570 _a"Бизнес-информ", агентство _cМосква _3RU\NLR\AUTH\889921146 _9338449 |
| 801 | 0 |
_aRU _bRKP _c20001012 _gPSBO |
|
| 801 | 1 |
_aRU _bRKP _c20001012 |
|
| 801 | 2 |
_aRU _bNLR _c20060418 _grcr |
|
| 852 |
_aNLR _j2000-3/16261 |
||
| 942 | _cBOOK | ||
| 980 | _aNB | ||